[Event "Politiken Cup 22nd"]
[Site "Copenhagen"]
[Date "2000.07.26"]
[Round "9"]
[White "Hillarp Persson, Tiger"]
[Black "Golod, Vitali"]
[Result "0-1"]
[WhiteElo "2549"]
[BlackElo "2590"]
[Annotator "Golod,V"]
[PlyCount "58"]
[EventDate "2000.07.17"]
[EventType "swiss"]
[EventRounds "11"]
[EventCountry "DEN"]
[SourceTitle "CBM 077 Extra"]
[Source "ChessBase"]
[SourceDate "2000.09.14"]
[SourceVersion "1"]
[SourceVersionDate "2000.09.14"]
[SourceQuality "1"]

1. d4 Nf6 2. c4 g6 3. Nc3 d5 4. cxd5 Nxd5 5. e4 Nxc3 6. bxc3 Bg7 7. Nf3 c5 8.
Rb1 O-O 9. Be2 Nc6 10. d5 Ne5 11. Nxe5 Bxe5 12. Rb3 $5 {Rare variation.} (12.
Qd2 $5 {It's main line.}) 12... Qc7 {In my opinion this move better than:} (
12... e6 {You can see comments to Ivanov,S-Mikhalevski,V/St.Petersburg, 1999/
CBM 72 (1-0)(Krasenkow,M)(30)}) 13. Qd2 e6 {Comments to this part of the game 
(from 13...e6 to 17...exd5N) you cand find in annotations to: Ivanov,
S-Greenfeld,A/Bugojno,1999/CBM 74 (0-1)(Krasenkow,M)(36)} 14. f4 c4 $1 {
Krasenkow,M:Black sacrifices this pawn to lure the white rook to an awkward
position and delay the white king in the centre.} 15. Rb4 (15. Rb1 $6 Bg7 16.
d6 Qc6 {/\e5(Greenfeld,A)}) 15... Bd6 16. Rxc4 Qb6 {[%csl Re1][%cal Gb6g1]} 17.
e5 $1 $146 {[%mdl 8]} (17. dxe6 $6 {See comments to Ivanov,S-Greenfeld,A/
Bugojno,1999/CBM 74 (0-1)(Krasenkow,M)(36)}) 17... exd5 $6 {[%mdl 8192] I
don't see 18.Rxc8.} ({Can be recommended:} 17... Bc5 $5) 18. Rxc8 $1 Raxc8 19.
exd6 Qxd6 $14 {[%mdl 1024]} 20. Rf1 $5 ({Pretty dubious:} 20. O-O {because of:}
Qc5+ 21. Qd4 (21. Kh1 $143 Qxc3 22. Qxd5 Rfd8 $36) 21... Qxc3 22. Qxd5 Rfd8 $13
) ({It deserves attention:} 20. Bb2 $5 {/\0-0}) 20... Qc5 21. f5 $6 ({Much
better is:} 21. Bb2 Rfe8 22. Kd1 Re4 23. Bd3 Re3 {<->e} 24. f5 $14) (21. Rf3 $2
Qg1+ {[%csl Re1,Rh2]}) 21... Rfe8 22. Kd1 d4 $1 {Excellent move!} 23. c4 ({
Badly:} 23. cxd4 {because of:} Qxc1+ $1 24. Qxc1 Rxc1+ 25. Kxc1 Rxe2 $17 {
[%csl Ra2,Rg2]}) ({Loses:} 23. f6 $2 dxc3 24. Qh6 c2+ 25. Ke1 Qc3+ $19 {
[%csl Gc3,Re1,Rf6]}) 23... b5 $1 24. Bb2 $2 {Decisive mistake.} ({It is
necessary:} 24. cxb5 Qxc1+ 25. Qxc1 Rxc1+ 26. Kxc1 Rxe2 27. Kb1 $1 $15 {
[%csl Yb1][%cal Yb1a2]}) ({Senselessly:} 24. f6 bxc4 $140 25. Qh6 {in view of:}
Qf8 $17) 24... bxc4 25. Bxd4 Qd5 $1 {[%cal Gc8d8] <->d} 26. fxg6 hxg6 27. Bf3
Qf5 $1 {[%csl Rd1][%cal Gf5b1][%mdl 128]} 28. Kc1 ({Weakly:} 28. Qc2 {because
of:} Red8 29. Qxf5 Rxd4+ 30. Kc2 gxf5 $19) 28... Rb8 $1 {[%csl Rc1][%cal Gf5b1]
} 29. Bb2 (29. Qc2 $144 Qf4+ 30. Qd2 Rb1+ $19) (29. Qc3 $144 Qb1+ 30. Kd2 Qxf1)
29... c3 $1 {Picture position.After this move white resigns,because of next
variants:} (29... c3 $1 30. Qxc3 (30. Bxc3 Qb1# (30... Rb1#)) 30... Rec8 31.
Bc6 Qxf1+ 32. Kc2 Qe2+ 33. Kc1 Rxb2 $19) 0-1

[Event "Ghent op 28th"]
[Site "Ghent"]
[Date "2005.07.18"]
[Round "6"]
[White "Ikonnikov, Vyacheslav"]
[Black "Van Haastert, Edwin"]
[Result "1-0"]
[WhiteElo "2560"]
[BlackElo "2398"]
[Annotator "Gutman,L"]
[PlyCount "67"]
[EventDate "2005.07.16"]
[EventType "swiss"]
[EventRounds "9"]
[EventCountry "BEL"]
[SourceTitle "CBM 107 Extra"]
[Source "ChessBase"]
[SourceDate "2005.09.01"]
[SourceVersion "1"]
[SourceVersionDate "2005.09.01"]
[SourceQuality "1"]

1. d4 Nf6 2. Nf3 g6 3. c4 Bg7 4. Nc3 d5 5. cxd5 Nxd5 6. e4 Nxc3 7. bxc3 c5 8.
Be3 Qa5 9. Qd2 Nc6 10. Rc1 cxd4 11. cxd4 Qxd2+ 12. Kxd2 O-O 13. Bb5 f5 14. exf5
Bxf5 15. Bxc6 ({abzuraten ist von} 15. Ke2 Be6 16. Bc4 Bxc4+ 17. Rxc4 Rad8 {
Avrukh-Van Wely, Ohrid 2001}) 15... bxc6 16. Rxc6 Rfb8 ({Nach} 16... Be4 17.
Rc7 Bxf3 18. gxf3 e5 19. dxe5 Bxe5 20. Re7 {war Weiß am Ruder in
Lavrenov-Gijbels, Bilzen 2004.}) 17. Ra1 {Eine neue Idee, auf die der Schwarze
keine vernünftige Antwort findet.} (17. Kc3 a5 18. Nd2 e5 19. Nc4 Be4 {brachte
Weiß in Bedrängnis, Brodowski-Schmidt, polnische Liga 2002}) 17... Rb2+ 18. Ke1
Be4 19. Rc7 Bd5 $6 (19... Bxf3 20. gxf3 Kf7 21. a3 a5 22. Rac1 Ra2 23. R1c3 Rd8
{sollte geschehen, mit genügend Gegenspiel.}) 20. a3 e6 $2 ({Schwächt die
siebte Reihe, was katastrophale Folgen hat.} 20... Bxf3 21. gxf3 Kf7 {war
immer noch die bessere Lösung.}) 21. Rac1 Bf8 22. Ne5 Bd6 23. Rd7 Bxe5 24. dxe5
Rb7 25. Rxb7 Bxb7 26. f3 a5 27. Rc7 Bd5 28. Bh6 a4 29. Kf2 Bb3 30. Kg3 Bd5 31.
Kh4 Rb8 32. Rg7+ Kh8 33. Ra7 Bb3 34. Kg5 1-0

[Event "London"]
[Site "London"]
[Date "1997.10.18"]
[Round "1"]
[White "Shaked, Tal"]
[Black "Rowson, Jonathan"]
[Result "1-0"]
[WhiteElo "2500"]
[BlackElo "2490"]
[Annotator "Hansen,Cu"]
[PlyCount "55"]
[EventDate "1997.10.18"]
[EventType "tourn"]
[EventRounds "9"]
[EventCountry "ENG"]
[EventCategory "10"]
[SourceTitle "CBM 062"]
[Source "ChessBase"]
[SourceDate "1998.01.31"]
[SourceVersion "1"]
[SourceVersionDate "1998.01.31"]
[SourceQuality "1"]

1. d4 Nf6 2. c4 g6 3. Nc3 d5 4. cxd5 Nxd5 5. e4 Nxc3 6. bxc3 Bg7 7. Be3 c5 8.
Qd2 O-O (8... Qa5 $5 9. Rb1 b6 10. Bb5+ Bd7 11. Be2 Bc6 $5 {Shaked,
Tal-Kasparov/Tilburg/1997/} 12. Bd3 Nd7 13. Ne2 {Interestingly Rowson - the
black player in this game - got this position as white in round 7 of the same
tournament. And his opponent Gormally did not play Kasparovs move 13. - Rd8.
It seems Rowson did not trust Kasparov. The scotch IM does not play the
PCA-Worldchampions- setup (Qa5, Bc6, Nd7, Rd8) as black, and goes happily into
the Kasparov-setup as white.}) 9. Nf3 {A clever moveorder. If white had played
7. Nf3 c5 8. Be3 - then - 8. - Qa5 9.Qd2 Nc6 is supposed to be blacks best.
And not 9. - 0-0 which is the postion the players actually get into in the
game - by transposition of moves.} Qa5 (9... Bg4 $5 10. Ng5 cxd4 11. cxd4 Nc6
12. h3 Bd7 {is maybe a better chance for equality - though not very popular it
seems.}) 10. Rc1 Nd7 11. d5 Nb6 (11... b5 $5 12. c4 b4 13. Bd3 (13. Bh6 Bc3 14.
Rxc3 bxc3 15. Qc2 Rb8 16. Bxf8 Rb1+ {0-1 Herzog-Bichsel/SMM 1987}) 13... Bc3
14. Rxc3 bxc3 15. Qc2 Rb8 16. Bc1 Ba6 $17 {Cunningham,P-Roos,D/Luzern olm ,BIG
(12) 1982 (40)}) 12. c4 Qxd2+ 13. Kxd2 {[%csl Gc4,Gd5,Ge4] White has achieved
what he wants in this line of the Gruenfeld: A strong pawncenter. Black has to
try and break down the chain c4-d5-e4. Else he will be without counterplay. He
can play for b7-b5, e7-e6 or f7-f5.} Na4 14. Bd3 f5 15. exf5 Bxf5 16. Bxf5 Rxf5
{[%cal Ye7e6] Black only needs to play e7-e6 and there would be nothing left
of whites strong pawncenter. However white is able to control the important
e6-square with his N} 17. Ng5 $1 $16 {After this move it becomes clear that
blacks whole opening idea with f7-f5 does not work.} b5 $2 {Black is trying to
get rid of the d5-P by removing its protector - the c4-P.} (17... Bd4 18. Ne6
Bxe3+ 19. Kxe3 $16) 18. g4 $1 Re5 (18... Rf6 19. Ne4 Rff8 20. cxb5 $16) 19. f4
Rxg5 20. fxg5 b4 21. Kc2 {The K protects the weak a2-P. Black does not have
compensation for the exchange. Especially because he will have to use one of
his pieces to protect the c5-P} Rc8 22. Kb3 Nc3 23. Rhe1 a5 24. a4 $1 Ne4 25.
Bf4 Nf2 26. Rxe7 Nd3 27. Rf1 Rf8 28. d6 1-0

[Event "WchT 3rd"]
[Site "Luzern"]
[Date "1993.??.??"]
[Round "7.2"]
[White "Petursson, Margeir"]
[Black "Lin, Weiguo"]
[Result "1-0"]
[WhiteElo "2560"]
[BlackElo "2540"]
[Annotator "Hansen,Cu"]
[PlyCount "133"]
[EventDate "1993.10.24"]
[EventType "team-tourn"]
[EventRounds "9"]
[EventCountry "SUI"]
[SourceTitle "CBM 038"]
[Source "ChessBase"]
[SourceDate "1994.02.01"]
[SourceVersion "1"]
[SourceVersionDate "1994.02.01"]
[SourceQuality "1"]
[WhiteTeam "Iceland"]
[BlackTeam "China"]
[WhiteTeamCountry "ISL"]
[BlackTeamCountry "CHN"]

1. d4 Nf6 2. c4 g6 3. Nc3 d5 4. cxd5 Nxd5 5. e4 Nxc3 6. bxc3 Bg7 7. Nf3 O-O 8.
Be2 c5 9. O-O cxd4 10. cxd4 b6 (10... Nc6 11. Be3 Bg4 12. d5 Bxa1 (12... Na5
13. Rb1 b6 14. Qa4 Rc8 15. Rfc1 Rxc1+ 16. Rxc1 Bxf3 17. Bxf3 Qd6 18. Bd2 $16 {
Matamoros,C-Kheir,A/Dubai ol/1986/}) (12... Ne5 13. Nxe5 Bxe2 14. Qxe2 Bxe5 15.
Rab1 b6 16. f4 $16 {Plachetka,J-Banas,J/Stary Smokovec/1977/}) 13. Qxa1 Na5 14.
Bh6 f6 15. Bxf8 Qxf8 16. Nd4 $16 {De Boer,GJ-Den Boer,B/Dieren Open/1989/}) 11.
Bg5 (11. Rb1 Bb7 12. d5 Na6 13. Ba3 $14 {Manor,I-Davis,C/Adelaide/1988/}) 11...
Bb7 12. Qd3 Ba6 (12... Nc6 13. Rad1 Qd7 14. d5 Ne5 15. Nxe5 Bxe5 16. Qa3 f6 17.
Bh6 Bd6 18. Qb3 Rfd8 19. f4 $16 {Alburt,L-Roos,D/Lugano/1981/}) (12... h6 13.
Be3 e6 14. Rac1 Nc6 15. Rfd1 Qd6 16. Qd2 Kh7 17. Bf4 Qa3 18. d5 $16 {Veingold,
A-Lanka,Z/USSR/1980/}) (12... Qd7 13. Rad1 e6 14. Qb1 (14. Qe3 Qa4 15. Bh6 Nd7
16. Bxg7 Kxg7 17. d5 exd5 18. Rd4 Qxa2 19. e5 $13 {Browne,W-Martz,E/
Philadelphia/1980/}) 14... Na6 15. Ne5 Qd6 16. Nc4 Qd7 17. Bf4 Rfd8 18. Nd6 Bf8
19. e5 Bxd6 20. exd6 Nb8 21. d5 Bxd5 22. Qb2 Nc6 23. Qf6 {1-0/Palatnik,
S-Martinovsky,E/Chicago opI/1992/}) 13. Qe3 Bxe2 14. Qxe2 Nc6 (14... Re8 15.
Rac1 Nd7 16. e5 Nf8 17. Qe4 Ne6 18. d5 $16 {Browne,W-Van Riemsdijk,H/Santiago/
1981/}) 15. Rad1 h6 16. Bh4 {><e7} (16. Be3 $5) 16... Qd7 17. d5 $16 Na5 (17...
Ne5 18. Nxe5 Bxe5 19. f4 $16) 18. Nd4 (18. e5 Rac8 19. Rfe1 $16) 18... Rac8 19.
f4 {/\f4-f5,fxg6,Ne6} e5 (19... Rc4 20. Nc6 $18) 20. fxe5 Bxe5 21. Nf3 Bg7 22.
e5 {/\e5-e6-e7} Rfe8 23. Rfe1 Qa4 24. e6 fxe6 25. d6 (25. dxe6 Rc2 $132) 25...
Qd7 26. Be7 (26. Qe4 $5 Kh7 (26... g5 27. Bxg5 hxg5 28. Nxg5 Bf6 29. Qg6+ Qg7
30. Qxg7+ Kxg7 31. d7 (31. Nxe6+ Rxe6 32. Rxe6 $16) 31... Bxg5 32. Rxe6 Kf7 33.
Re5 Bf6 34. dxe8=Q+ Rxe8 35. Rd7+ Kf8 36. Rxe8+ Kxe8 37. Rxa7 $16) 27. Be7 Nc6
28. Qxe6 (28. Nh4 Nxe7 29. dxe7 Qxe7 30. Nxg6 Qc5+ 31. Kh1 Kg8 $13) 28... Qxe6
29. Rxe6 Rcd8 30. Bxd8 Rxe6 31. Bc7 $18) 26... Nc6 27. Qxe6+ Qxe6 28. Rxe6 Kf7
(28... Nxe7 29. d7 $18) 29. Ree1 {/\d7} Ra8 $8 30. Bh4 g5 (30... Rxe1+ $1 $8
31. Rxe1 g5 $13) 31. Rf1 $1 Kg8 (31... gxh4 32. Nd4+ $18) 32. Bg3 {/\33.d7
Red8 34.Bc7} Rad8 33. Rd2 (33. d7 $2 Re7 $17) 33... g4 (33... Rd7 34. Rc1 $16)
34. Rc1 gxf3 35. Rxc6 {/\36.d7 Re7 37.Rc8} Re6 36. gxf3 $18 {/\Rc7} Be5 37.
Bxe5 (37. Re2 Bd4+ 38. Kf1 Rxe2 39. Kxe2 Bc5 40. Kd3 Kf7 41. Rc7+ $16 (41. Ke4
Ke6 42. f4 Rxd6 43. f5+ Kd7 $13)) 37... Rxe5 38. Rc7 {/\d7,Rc8} (38. d7 $18 {
/\Rc8//\Rxh6}) 38... Re6 39. d7 Kf7 40. Rxa7 Ke7 41. Rb7 Rd6 42. Rxd6 Kxd6 43.
Rxb6+ Kxd7 44. a4 (44. Rxh6 Ra8) 44... Ra8 45. Rb4 (45. Rxh6 $6 Rxa4 $13) 45...
Ke6 46. Kf2 Kf5 47. Rb5+ Kf6 48. a5 Ra7 49. h4 Ra8 50. Rb6+ Kf5 51. Rxh6 $2 (
51. a6 $18) 51... Rxa5 $1 52. Rb6 (52. Rh5+ $2 Kf4 $1 $10) 52... Ra1 (52... Ra8
$5) 53. Kg2 Kf4 $2 (53... Ra8 $5) 54. Rf6+ Ke5 55. Rf8 $18 Ke6 56. Kh3 Ra4 57.
Kg3 Rb4 58. h5 Rb1 59. Kh4 Rg1 60. h6 Ke7 61. Rf4 Rh1+ 62. Kg5 Rh3 63. Rh4 Rg3+
64. Kf4 Rg8 65. h7 Rh8 66. Kg5 Kf7 67. Kh6 1-0

[Event "Taastrup"]
[Site "Taastrup"]
[Date "1992.??.??"]
[Round "?"]
[White "Chernin, Alexander"]
[Black "Hansen, Lars Bo"]
[Result "1-0"]
[WhiteElo "2620"]
[BlackElo "2535"]
[Annotator "Hansen,Cu"]
[PlyCount "77"]
[EventDate "1992.02.??"]
[EventType "tourn"]
[EventRounds "9"]
[EventCountry "DEN"]
[EventCategory "13"]
[SourceTitle "CBM 028"]
[Source "ChessBase"]
[SourceDate "1992.06.01"]
[SourceVersion "1"]
[SourceVersionDate "1992.06.01"]
[SourceQuality "1"]

1. d4 Nf6 2. Nf3 g6 3. c4 Bg7 4. Nc3 d5 5. cxd5 Nxd5 6. e4 Nxc3 7. bxc3 c5 8.
Rb1 O-O 9. Be2 Nc6 10. d5 Ne5 11. Nxe5 Bxe5 12. Qd2 b6 13. f4 Bg7 14. O-O e6
15. dxe6 (15. d6 $6 e5 16. fxe5 Bb7 17. Qd3 Bxe5 18. Bf4 Qf6 $15 {
Brenninkmeijer-Ftacnik Gronningen 1988}) (15. c4 Bd4+ 16. Kh1 Re8 17. Bb2 Bxb2
18. Rxb2 exd5 19. exd5 Bf5 $15 {Navrotescu-Kindermann Biel 1990}) 15... Bxe6 (
15... fxe6 16. Qe3 Bb7 17. Bc4 Qd7 18. f5 gxf5 19. exf5 Bd5 20. Qd3 $14 {
Gelfand-Smejkal Novi Sad OL 1990}) 16. f5 Bc8 (16... Qxd2 17. Bxd2 gxf5 18.
exf5 Bxa2 19. Rb2 Bd5 20. f6 {Khalifman-I.Sokolov Wijk 1991} Rfe8 $1) 17. Qxd8
{N} (17. Bc4 gxf5 18. exf5 Qf6 19. Bd5 Ba6 $10 {Hjartarson-Ftacnik
Thessaloniki OL 1984}) 17... Rxd8 18. Bg5 f6 (18... Re8 19. Bb5 Rxe4 $2 20. Bc6
) 19. Bc4+ Kh8 20. Bh4 $14 {ץg7} Bb7 21. Rbe1 Rd2 22. Rf2 Rxf2 23. Kxf2 Re8
24. Bd5 Ba8 (24... Bxd5 25. exd5 Rxe1 26. Kxe1 gxf5 27. d6 $18) 25. g4 gxf5 26.
gxf5 b5 27. Kf3 a5 28. Rb1 b4 29. cxb4 cxb4 30. Rc1 $16 Bxd5 31. exd5 Kg8 32.
d6 Kf8 33. Bf2 Rd8 34. Ke4 Bh6 35. Rc4 Kf7 36. Kd5 Bd2 37. Bb6 Rd7 38. Rc7 Ke8
39. Ke6 {Hansen,C} 1-0

[Event "Podolsk"]
[Site "Podolsk"]
[Date "1993.??.??"]
[Round "?"]
[White "Chernin, Alexander"]
[Black "Dvoirys, Semen I"]
[Result "1-0"]
[WhiteElo "2615"]
[BlackElo "2590"]
[Annotator "Hansen,Cu"]
[PlyCount "101"]
[EventDate "1993.10.??"]
[EventType "tourn"]
[EventRounds "9"]
[EventCountry "RUS"]
[EventCategory "14"]
[SourceTitle "CBM 038"]
[Source "ChessBase"]
[SourceDate "1994.02.01"]
[SourceVersion "1"]
[SourceVersionDate "1994.02.01"]
[SourceQuality "1"]

1. d4 {Chekhov Ernst} Nf6 2. c4 g6 3. Nc3 d5 4. cxd5 Nxd5 5. e4 Nxc3 6. bxc3
Bg7 7. Nf3 c5 8. Rb1 O-O 9. Be2 cxd4 10. cxd4 Qa5+ 11. Bd2 (11. Qd2 {Ernst}
Qxd2+ 12. Bxd2 b6 13. O-O Bb7 14. d5 Ba6 15. Rfe1 Bxe2 16. Rxe2 Na6 $10) 11...
Qxa2 12. O-O b6 (12... Bd7 $6 {Chekhov} 13. Rxb7 Bc6 14. Rxe7 Qa3 15. Bg5 h6 (
15... f6 16. Bc4+ Kh8 17. Rxg7 Kxg7 18. d5 Qc3 19. Qc1 Qxc1 20. Bxc1 $44) 16.
Qc1 Qb4 17. Qd2 Qa3 18. Bh4 $1 g5 19. Bxg5 hxg5 20. Qxg5 Nd7 21. Nh4 $1 $16 {
Chernin,A-Fernandez Garcia,J /Pamplona/1991 Inf 53/456/}) (12... Nd7 {Chekhov}
13. Bb4 Nb6 14. Ra1 Qe6 15. Qb1 $1 Bd7 16. Ra5 Nc8 (16... Bc6 17. Bd3 $16) (
16... Rfc8 17. d5 $16 {Khalifman,A-Kozul,Z /Bled/1991 Inf 52/465/}) 17. d5 Qb6
18. e5 $1 $16 {Khalifman/}) (12... a5 {Chekhov} 13. d5 (13. Bg5 a4 14. d5 a3
15. Rb4 b5 $1 16. Bxb5 Ba6 17. Qd3 Bxb5 18. Qxb5 Rc8 $132 {Kopjenkin,
G-Zezjulkin,Y /HUN/1992 Inf 56/545/}) 13... Na6 14. Be3 $1 e6 15. d6 Bd7 16.
Bb5 $1 $16 {Chernin,A-Adorjan,A /Polanica Zdroj/1992 Inf 55/462/}) (12... Qe6 {
Chekhov} 13. Qc2 Qc6 14. Qd3 Qd6 15. Bb4 Qd8 16. d5 Bg4 (16... Na6 $5) 17. Qa3
Re8 18. Bb5 Nd7 19. Ba5 b6 20. Bd2 a6 21. Bc6 Ra7 22. Ng5 $1 $16 {Shneider,
A-Urban,K /Berlin/1992 Inf 55/461/}) (12... Bg4 {Chekhov} 13. Be3 b6 14. Qd3
Bxf3 15. Bxf3 e5 16. d5 Qa6 17. Qd2 Nd7 18. Be2 Qa3 {Sakaev,K-Novik,M /Moscow/
1992 Inf 56/546/} 19. Rfc1 $1 $44) 13. Qc1 (13. Bg5 $6 {Ernst} Bb7 14. Bd3 Qe6
$15 {Miladinovic-Atalik/Vrnjacka Banja/1992/}) 13... Bb7 (13... Qe6 {Chekhov}
14. Bc4 Qxe4 15. Re1 Qb7 16. Bb4 Be6 17. Rxe6 fxe6 18. Ng5 Nc6 19. Nxe6 Kh8 20.
Bc3 Bf6 21. Qh6 Rf7 22. Nc5 Qc8 23. Bxf7 bxc5 24. Bxg6 Qg8 25. Be4 cxd4 26.
Bxc6 dxc3 27. Bxa8 Qxa8 28. Qf4 $18 {Kibalnichenko,A-Sorokin,V /corr/1990 Inf
50/457/}) 14. Bc4 Qa4 15. Bb5 Qa2 16. Bc4 Qa4 17. Bb5 Qa2 18. Re1 (18. Rb2 {
Ernst} Qe6 19. Re1 Rc8 20. Rc2 {Brenninkmeijer,J-Van Heste,J/Amsterdam OHRA-B/
1988/} Nd7 $1 $10) (18. Qe1 $6 {Ernst} Qc2 19. d5 Ba6 $17 {Yusupov,
A-Kortschnoi,V/Reykjavik-WCUP/1988/}) 18... Rc8 19. Qd1 e6 (19... Qc2 20. Qe2
Qc7 21. Rec1 (21. Bg5 Nc6 22. Red1 a6 23. Bxc6 Bxc6 24. Qe3 b5 {Yuferov,
S-Beshukov,S/Moscow I/1990/} (24... b5 {Ernst} 25. d5 Be8 26. e5 Qa7 $10 {
Yuferov,S-Beshukov,S/Moscow1/1990/})) (21. Rbc1 Qd8 22. Rxc8 Qxc8 23. Bg5 (23.
Qe3 Nd7 24. Bb4 a6 25. Bd3 Qd8 26. Qf4 h6 27. Bc4 e6 28. d5 $44 {Bosbach,
G-Dolgener,T/2.BLS/1993/}) (23. Rc1 Qd8 24. Bf4 a6 (24... a5 $6 25. Ng5 (25.
Rc7 $1) 25... Na6 26. Qa2 e6 $13 {Khalifman,A-Dvoirys,S/USSR/1990/}) 25. Ba4 b5
(25... e6 26. Rc7 Bc8 27. Qc4 Bd7 $13 {Ivanov,Se-Beshukov,S/USSR/1990/}) 26.
Bb3 Nc6 27. d5 Na5 28. Bc7 Nxb3 29. Bxd8 Nxc1 30. Qd1 Rxd8 31. Qxc1 Rc8 $13 {
Krzywicki,D-Pribyl,M/Pardubice op/1992/}) 23... a6 24. Bc4 b5 25. Bb3 Qd7 26.
Ne5 Bxe5 27. dxe5 Qe8 28. Qg4 $40 {Pein,M-Varley,P/BCF-ch/1989/}) 21... Qd8 22.
Rxc8 Bxc8 23. Bf4 Bd7 24. Rc1 a6 25. Bc4 e6 26. d5 $16 {Agreest,E-Krzywicki,D/
Bielsko-Biala/1990/}) (19... Nc6 20. Re2 e6 21. d5 exd5 22. Be1 Qa3 23. exd5
Rd8 24. dxc6 Bxc6 25. Qb3 $18 {Wells,P-Pribyl,J/BL/1988/}) 20. Ba4 (20. Qe2 Nc6
21. Qe3 Rd8 (21... e5 22. d5 Nd4 23. Nxd4 exd4 24. Qf4 Bf8 25. Ra1 Qc2 26. Bd7
Rc5 27. Bb4 d3 $5 $13 {Khalifman,A-Epishin,V/Vilnius/1988/}) 22. Ra1 Qb2 23.
Bxc6 (23. Reb1 Qc2 24. Rc1 Nxd4 (24... Qb2 {Ernst} 25. Rab1 Qa2 26. Bc4 Qa4 27.
Ra1 $18) 25. Nxd4 Qxe4 26. Nc6 Qxe3 27. Bxe3 Bxc6 28. Bxc6 Bxa1 29. Bxa8 Bb2
30. Rb1 Rxa8 31. Rxb2 Rd8 $14 {Sakaev,K-Ernst,T/Gausdal International/1992/})
23... Bxc6 24. Bc3 $13 {Epishin,V-Tseitlin,M/USSR/1988/}) 20... Nc6 (20... Qc4
{Chekhov} 21. Rc1 Qa6 22. Rxc8+ Bxc8 23. Qc2 Bd7 24. Rc1 $1) 21. d5 exd5 22.
Bb3 Qa3 (22... Qa6 {Chekhov} 23. exd5 Na5 24. Bxa5 Qxa5 25. Re7 $16) 23. exd5 (
23. Bxd5 Qe7 24. Bg5 Bf6 25. Bxf6 {0,5/Alterman,B-Rytshagov,M/Komotini/1992/})
23... Nd4 24. Nxd4 Bxd4 25. Re4 Qc5 (25... Bf6 26. Bb4 $16) 26. Be1 {><f2} Bf6
(26... Bg7 $5) (26... Bg7 {Chekhov} 27. Bb4 Qb5 28. Re7 Qxb4 29. d6 $1 $36) 27.
Qf3 Kg7 (27... Bxd5 $4 {Chekhov} 28. Bxd5 Qxd5 29. Re8+ $18) 28. Rf4 Qd6 29.
Bb4 Qd8 30. Bd2 $1 $16 {/\31.Rxf6 Qxf6 32.Bh6+ +-} g5 (30... Rc5 $2 {Ernst} 31.
Rxf6 Qxf6 32. Bh6+ $18) 31. Rf5 Rc7 32. Qg3 {/\Rxf6} (32. h4 $5 h6 33. hxg5
hxg5 34. Qg3 $16 {/\Rxf6//\Bxg5}) 32... Rac8 (32... Bc8 {Chekhov} 33. Rxf6 $18)
33. h4 (33. Bxg5 {Chekhov} Bxg5 34. Rxg5+ Kh8 $16) 33... Kh8 $8 34. Bxg5 (34.
hxg5 Bg7 $14) 34... Bxg5 35. hxg5 {קf7,קh7 /^a1-h8} Qe7 36. Re5 (36. d6 Qe4
$1 $13 (36... Rc1+ 37. Rxc1 Rxc1+ 38. Kh2 Qe1 39. Qe5+ Qxe5+ 40. Rxe5 $16))
36... Qb4 (36... Rc1+ 37. Rxc1 Rxc1+ 38. Kh2 Qd7 (38... Qc7 {Chekhov} 39. d6 $1
$18) 39. d6 $16) 37. Bc2 {><h7} Qc3 38. Bd3 {/\d5-d6//\Rbe1} Qd4 39. d6 (39.
Rbe1 Rc3 $13) (39. Qh3 {Ernst} f6 $14) 39... Rc3 (39... Qxd6 $4 40. Re8+ $18)
40. Re3 {/\41.Bf5 Rxe3 42.fxe3 +-} Rd8 41. Qh3 Qg7 $8 42. d7 (42. Rbe1 Bc6)
42... Bc6 43. Bf5 Rxe3 (43... Rc5 44. Rbe1 $18) 44. Qxe3 f6 45. Rc1 Bxd7 46.
Rc7 $18 (46. Bxd7 Qxd7 47. gxf6 $16) 46... Re8 (46... fxg5 {Ernst} 47. Rxd7
Rxd7 48. Qe8+ Qg8 49. Qxd7 $18) 47. Qf3 fxg5 48. Rxd7 Qa1+ 49. Kh2 Qe5+ 50. g3
Re7 51. Be6 $1 1-0